Self - Motivation/ (Record no. 199334)
[ view plain ]
| 000 -LEADER | |
|---|---|
| fixed length control field | 00832nam a22002297a 4500 |
| 003 - CONTROL NUMBER IDENTIFIER | |
| control field | dpl |
| 005 - DATE AND TIME OF LATEST TRANSACTION | |
| control field | 20231218145557.0 |
| 008 - FIXED-LENGTH DATA ELEMENTS--GENERAL INFORMATION | |
| fixed length control field | 231130b |||||||| |||| 00| 0 eng d |
| 010 ## - LIBRARY OF CONGRESS CONTROL NUMBER | |
| LC control number | B-756086-091 |
| 020 ## - INTERNATIONAL STANDARD BOOK NUMBER | |
| International Standard Book Number | 9788183820288 |
| Terms of availability | 250.00 |
| 035 ## - SYSTEM CONTROL NUMBER | |
| System control number | B-756086-091 |
| 037 ## - SOURCE OF ACQUISITION | |
| Source of stock number/acquisition | Lotus Press |
| 040 ## - CATALOGING SOURCE | |
| Transcribing agency | 0 |
| 082 ## - DEWEY DECIMAL CLASSIFICATION NUMBER | |
| Classification number | 158.1 |
| 100 ## - MAIN ENTRY--PERSONAL NAME | |
| Relator code | Yager, John |
| 245 ## - TITLE STATEMENT | |
| Title | Self - Motivation/ |
| Statement of responsibility, etc | John Yager |
| 260 ## - PUBLICATION, DISTRIBUTION, ETC. (IMPRINT) | |
| Place of publication, distribution, etc | New Delhi |
| Name of publisher, distributor, etc | Lotus Press |
| Date of publication, distribution, etc | 20233 |
| 270 ## - ADDRESS | |
| Address | 4735/22 , Prakash Deep Building Ansari Road, Darya Ganj, |
| City | New Delhi |
| Postal code | 110002 |
| 300 ## - PHYSICAL DESCRIPTION | |
| Extent | 227p. |
| Dimensions | 22cm(pbk) |
| 942 ## - ADDED ENTRY ELEMENTS (KOHA) | |
| Source of classification or shelving scheme | Dewey Decimal Classification |
| Koha item type | English Books |
| Classification part | 158.1 |
| Call number suffix | YAG |
| Withdrawn status | Lost status | Source of classification or shelving scheme | Damaged status | Not for loan | Collection code | Home library | Current library | Date acquired | Source of acquisition | Cost, normal purchase price | Total Checkouts | Total Renewals | Full call number | Barcode | Date last seen | Date checked out | Copy number | Cost, replacement price | Price effective from | Koha item type | Checked out |
|---|---|---|---|---|---|---|---|---|---|---|---|---|---|---|---|---|---|---|---|---|---|
| Dewey Decimal Classification | Non-fiction | Ashok Vihar | Ashok Vihar | 18/12/2023 | Lotus Press/198/27.12.23/41/23.11.23/1.12.23 | 250.00 | 3 | 158.1 YAG | B-756087 | 19/07/2025 | 02/07/2025 | 2 | 250.00 | 18/12/2023 | English Books | ||||||
| Dewey Decimal Classification | Non-fiction | Bawana | Bawana | 18/12/2023 | Lotus Press/198/27.12.23/41/23.11.23/1.12.23 | 250.00 | 7 | 11 | 158.1 YAG | B-756090 | 07/11/2025 | 10/10/2025 | 5 | 250.00 | 18/12/2023 | English Books | |||||
| Dewey Decimal Classification | Non-fiction | Central Library | Central Library | 18/12/2023 | Lotus Press/198/27.12.23/41/23.11.23/1.12.23 | 250.00 | 9 | 8 | 158.1 YAG | B-756086 | 28/06/2025 | 03/06/2025 | 1 | 250.00 | 18/12/2023 | English Books | |||||
| Dewey Decimal Classification | Non-fiction | Patel Nagar | Patel Nagar | 18/12/2023 | Lotus Press/198/27.12.23/41/23.11.23/1.12.23 | 250.00 | 1 | 158.1 YAG | B-756088 | 29/02/2024 | 15/02/2024 | 3 | 250.00 | 18/12/2023 | English Books | ||||||
| Dewey Decimal Classification | Non-fiction | Sarojini Nagar | Sarojini Nagar | 18/12/2023 | Lotus Press/198/27.12.23/41/23.11.23/1.12.23 | 250.00 | 11 | 14 | 158.1 YAG | B-756089 | 13/06/2026 | 13/06/2026 | 4 | 250.00 | 18/12/2023 | English Books | 11/07/2026 | ||||
| Dewey Decimal Classification | Non-fiction | Shahdara Branch | Shahdara Branch | 18/12/2023 | Lotus Press/198/27.12.23/41/23.11.23/1.12.23 | 250.00 | 8 | 5 | 158.1 YAG | B-756091 | 25/04/2026 | 11/04/2026 | 6 | 250.00 | 18/12/2023 | English Books |
